From political to economic awakening in the Arab world (Record no. 49453)
[ view plain ]
| 000 -LEADER | |
|---|---|
| fixed length control field | 01630nam a2200397Ia 4500 |
| 100 1# - MAIN ENTRY--AUTHOR NAME | |
| Personal name | Chauffour, Jean-Pierre. |
| 245 10 - TITLE STATEMENT | |
| Title | From political to economic awakening in the Arab world |
| 260 ## - PUBLICATION, DISTRIBUTION, ETC. (IMPRINT) | |
| Place of publication | Washington, DC : |
| Name of publisher | World Bank, |
| Year of publication | c2013. |
| 300 ## - PHYSICAL DESCRIPTION | |
| Number of Pages | xix, 318 p. : |
| Other physical details | col. ill. |
| 490 0# - SERIES STATEMENT | |
| Series statement | MENA development reports |
| 500 ## - GENERAL NOTE | |
| General note | "A Trade and Foreign Direct Investment Report for the Deauville Partnership." |
| 650 #0 - SUBJECT ADDED ENTRY--TOPICAL TERM | |
| Topical Term | Investments, Foreign |
| 856 40 - ELECTRONIC LOCATION AND ACCESS | |
| Uniform Resource Identifier | http://site.ebrary.com/lib/rucke/Doc?id=10639327 |
No items available.
